The game producer's handbook

Saved in:
Bibliographic Details
Main Author: Irish, Dan
Format: Book
Language:English
Published: Boston, Mass. : Thomson Course Technology, c2005
Subjects:
Tags: Add Tag
No Tags, Be the first to tag this record!

MARC

LEADER 00000nam a2200000 i 4500
001 1/70041
008 080111s2005 eng d
020 |a 1-59200-617-5 
035 |l 10093575 
040 |a GR-MY-UA  |b gre  |e aacr 
041 0 |a eng 
082 0 |a 794.8  |2 (22) 
100 1 |a Irish, Dan. 
245 1 4 |a The game producer's handbook /  |c Dan Irish 
260 |a Boston, Mass. :   |b Thomson Course Technology,   |c c2005 
300 |a xxii, 328 σ.;  |b εικ.;  |c 23 εκ. 
504 |a Περιλαμβάνει ευρετήριο. 
650 0 0 |a Computer games  |x Design. 
650 0 0 |a Computer games  |x Programming. 
650 0 0 |a Video games. 
852 |a INST  |b SYROS  |e 20080111  |h 794.8 IRI  |p 005500006743  |q 005500006743  |t BK  |y 0 
901 |a BIBL5-2008-1 
909 |a Ε  |b 133344 
922 |a 5ΕΛΗ  |b 200709  |c ΒΙΒΛΙΟΘΗΚΗ ΣΥΡΟΥ  |d GLORYBOOK 
970 |a ΚΑΓΙΑΒΑ  |b ΕΙΡΗΝΗ  |z 2008/01/11